Central Library OPAC University of Rajshahi

Illustrated English social history / (Record no. 23953)

MARC details
000 -LEADER
fixed length control field 00884cam a22002531 4500
001 - CONTROL NUMBER
control field 23953
003 - CONTROL NUMBER IDENTIFIER
rucl marc code BD-RjUL
005 - DATE AND TIME OF LATEST TRANSACTION
control field 20211209001006.0
008 - FIXED-LENGTH DATA ELEMENTS--GENERAL INFORMATION
fixed length control field 140312r19511942enkab 001 0 eng
035 ## - SYSTEM CONTROL NUMBER
System control number (BD-RjUL)24018
040 ## - CATALOGING SOURCE
Original cataloging agency DLC
Transcribing agency DLC
Modifying agency DLC
-- BD-RjUL
Language of cataloging eng
041 ## - LANGUAGE CODE
Language code of text/sound track or separate title eng
082 00 - DEWEY DECIMAL CLASSIFICATION NUMBER
Classification number 942
Author mark and year TRI 1951
100 1# - MAIN ENTRY--PERSONAL NAME
Personal name Trevelyan, G. M.,
Dates associated with a name 1876-1962.
9 (RLIN) 73734
245 10 - TITLE STATEMENT
Title Illustrated English social history /
Statement of responsibility, etc. By G. M. Trevelyan; Illus. selected by Ruth C. Wright.
Number of part/section of a work VOLUME TWO :
Name of part/section of a work The Age of Shakespeare and the Stuart Period.
260 ## - PUBLICATION, DISTRIBUTION, ETC. (IMPRINT)
Place of publication, distribution, etc. London ;
-- New York :
Name of publisher, distributor, etc. Longmans, Green,
Date of publication, distribution, etc. 1942 [Impression 1951, 1964].
300 ## - PHYSICAL DESCRIPTION
Pagination xi, 206 p. :
Illustrations illus. (part col.) map. ;
Size 22 cm.
504 ## - BIBLIOGRAPHY, ETC. NOTE
Bibliography, etc Includes index.
651 #0 - SUBJECT ADDED ENTRY--GEOGRAPHIC NAME
Geographic name Great Britain
General subdivision History.
9 (RLIN) 73750
Geographic name England
General subdivision Social conditions.
9 (RLIN) 73751
942 ## - ADDED ENTRY ELEMENTS (KOHA)
Source of classification or shelving scheme Dewey Decimal Classification
Koha item type Books
Holdings
Lost status Source of classification or shelving scheme Damaged status Not for loan Collection code Permanent Location Current Location Shelving location Date acquired Source of acquisition Cost, normal purchase price Total Checkouts Full call number Date last seen Copy number Koha item type
  Dewey Decimal Classification   Added to bundle Non-fiction Central Library, University of Rajshahi Central Library, University of Rajshahi Reading Room 07/09/1955 B. H. Black Well 1.50   942 TRI V-2 1951 12/03/2014 C-1 Books
  Dewey Decimal Classification     Non-fiction Central Library, University of Rajshahi Central Library, University of Rajshahi   24/01/1955 M .B. P. dhaka 15.10   942 TRI V-2 1951 15/03/2014 C-2 Books
  Dewey Decimal Classification     Non-fiction Central Library, University of Rajshahi Central Library, University of Rajshahi   01/01/1969 Zetlinger 30.00   942 TRI V-2 1964 15/03/2014 C-7 Books
  Dewey Decimal Classification     Non-fiction Central Library, University of Rajshahi Central Library, University of Rajshahi   30/06/1966 Mirja Book Agency 7.00   942 TRI V-2 1964 01/04/2014 C-5 Books